Assurance principles, professional ethics and good governance 2007 ed. (Record no. 7337)

MARC details
000 -LEADER
fixed length control field 00598nam a22001817a 4500
003 - CONTROL NUMBER IDENTIFIER
control field OSt
005 - DATE AND TIME OF LATEST TRANSACTION
control field 20260113065133.0
008 - FIXED-LENGTH DATA ELEMENTS--GENERAL INFORMATION
fixed length control field 260113b |||||||| |||| 00| 0 eng d
020 ## - INTERNATIONAL STANDARD BOOK NUMBER
International Standard Book Number 971-8966-96-9.
040 ## - CATALOGING SOURCE
Original cataloging agency DWCL-Main lib
Transcribing agency OC
082 ## - DEWEY DECIMAL CLASSIFICATION NUMBER
Edition number 2007 ed.
Classification number Fil. 657.45 C117a 2007
100 ## - MAIN ENTRY--PERSONAL NAME
Personal name Ma. Elenita B. Cabrera
245 ## - TITLE STATEMENT
Title Assurance principles, professional ethics and good governance 2007 ed.
Statement of responsibility, etc. Ma. Elenita B. Cabrera
260 ## - PUBLICATION, DISTRIBUTION, ETC.
Place of publication, distribution, etc. Manila :
Name of publisher, distributor, etc. GIC Enterprises & Co., Inc.,
Date of publication, distribution, etc. c2007.
300 ## - PHYSICAL DESCRIPTION
Extent xxii, 1120 pages :
Dimensions 23 cm.
650 ## - SUBJECT ADDED ENTRY--TOPICAL TERM
Source of heading or term 1. Auditing.
942 ## - ADDED ENTRY ELEMENTS (KOHA)
Source of classification or shelving scheme Dewey Decimal Classification
Koha item type Book-Filipiniana
Edition 2007 ed.
Call number prefix Fil.
Suppress in OPAC No
952 ## - LOCATION AND ITEM INFORMATION (KOHA)
--
952 ## - LOCATION AND ITEM INFORMATION (KOHA)
--
Holdings
Withdrawn status Lost status Source of classification or shelving scheme Damaged status Not for loan Home library Current library Shelving location Date acquired Source of acquisition Cost, normal purchase price Total Checkouts Full call number Barcode Date last seen Copy number Price effective from Koha item type Uniform Resource Identifier
    Dewey Decimal Classification     College Library College Library Filipiniana 12/18/2007 School Fund 750.00   Fil. 657.45 C117a 2007 45484 01/13/2026 c2 01/13/2026 BK-FIL
    Dewey Decimal Classification     College Library College Library Filipiniana 01/13/2026 School Fund 750.00   Fil. 657.45 C117a 2007 45483 01/13/2026 c1 01/13/2026 BK-FIL